Formule 1 - Pilotes Mercedes - Statistiques

Statistiques générales
  • Ce quiz a été pris 45 fois
  • Le résultat moyen est 7 sur 13
Statistiques - réponses
Par images Réponse % Correct
George Russell
100%
Valterri Bottas
100%
Lewis Hamilton
97%
Michael Schumacher
97%
Kimi Antonelli
95%
Nico Rosberg
89%
Juan Manuel Fangio
65%
Stirling Moss
35%
Hans Herrmann
3%
André Simon
0%
Hermann Lang
0%
Karl Kling
0%
Piero Taruffi
0%
Aucun quiz correspondant
Distribution des résultats
% des personnes avec chaque résultat
Percentile par nombre de réponses
Votre historique - résultats
Vous n’avez pas pris ce quiz